000 00607nam a2200181Ia 4500
008 100917s9999 xx 000 0 und d
082 _b43163
100 _aबोरकर लक्ष्मीदास
245 _aनाही कशी म्हणू तुला
260 _bप्रियवंदा प्रकाशन
_c1975
300 _a126
365 _b10
520 _aकादंबरी
630 _aनाही कशी म्हणू तुला
650 _aकादंबरी
730 _aनाही कशी म्हणू तुला
942 _cBOOK
999 _c648557
_d648554